Proces čerpania finančných prostriedkov zo štrukturálnych fondov EÚ v rámci vybraného operačného programu v SR diplomová práca

Salvato in:
Dettagli Bibliografici
Autore principale: Dvoráková, Mariana
Ente Autore: Fakulta podnikového manažmentu EU. Katedra podnikových financií
Altri autori: Polednáková, Anna, 1957-
Natura: Libro
Lingua:slovacco
Pubblicazione: Bratislava 2012
Tags: Aggiungi Tag
Nessun Tag, puoi essere il primo ad aggiungerne!!

MARC

LEADER 00000nbm a2200000 4500
001 0152515
005 20161109102042.3
041 0 |a slo 
044 |a SK 
245 1 0 |a Proces čerpania finančných prostriedkov zo štrukturálnych fondov EÚ v rámci vybraného operačného programu v SR  |b diplomová práca  |c Mariana Dvoráková ; školiteľ: Anna Polednáková 
264 1 |a Bratislava  |c 2012 
300 |a 71 s. 
100 1 |a Dvoráková, Mariana 
700 1 |a Polednáková, Anna, 1957- 
710 2 |a Fakulta podnikového manažmentu EU. Katedra podnikových financií